Grades de Gendarmerie - Statistiques

Statistiques générales
  • Ce quiz a été pris 280 fois
  • Le résultat moyen est 12 sur 19
Statistiques - réponses
Par images Réponse % Correct
Lieutenant
83%
Adjudant
78%
Major
78%
Colonel
77%
Gendarme
77%
Adjudant Chef
75%
Capitaine
75%
Sous Lieutenant
66%
Brigadier
65%
Maréchal des Logis
63%
Lieutenant Colonel
62%
Aspirant
61%
Brigadier Chef
59%
Général de Brigade
54%
Maréchal des Logis Chef
52%
Général de Division
48%
Général d'Armée
46%
Général de Corps d'Armée
39%
Premiere classe
23%
Aucun quiz correspondant
Distribution des résultats
% des personnes avec chaque résultat
Percentile par nombre de réponses
Votre historique - résultats
Vous n’avez pas pris ce quiz